000 00898nam a22002417a 4500
003 DO-SdBNP
005 20220610105704.0
007 ta
008 220610b2021 dr ||||| |||| 00| 0 spa d
020 _a9789945929539
040 _aDO-SdBNP
_bspa
_cBNPHU
082 4 _222
100 _aNyberg Sorensen, Ninna
_981838
245 1 3 _aLa vida antes, durante y después de la trata :
_benfoques innovadores para el estudio de la trata dentro y fuera de República Dominicana /
_cNinna Nyberg Sorensen ; corrección Aimara Vera Riverón
260 _aSanto Domingo :
_bInstituto Nacional de Migración,
_c2021.
300 _a65 p. ;
_c23 cm.
500 _aIncluye referencias bibliográficas y notas al pie de las páginas
504 _aBibliografía : p. 59-65
590 _aInventariado, 2022/BT
700 1 _aVera Riverón, Aimara,
_ecorreción
_977931
910 _aBtavárez
942 _2ddc
_cLBS1
999 _c52006
_d52006